Statistics for NFL Backup Quarterbacks (DEC 2018)

Click here to take the quiz!

General Stats

  • This quiz has been taken 76 times
  • The average score is 12 of 32

Answer Stats

TeamsBackup QB% Correct
SaintsBridgewater
73%
ChargersSmith
73%
BucsFitzpatrick
71%
RavensFlacco
69%
EaglesFoles
69%
BrownsTaylor
65%
PatriotsHoyer
53%
ColtsBrissett
52%
JetsMcCown
47%
TitansGabbert
42%
RedskinsMcCoy
42%
BearsDaniel
40%
FalconsSchaub
40%
PackersKizer
39%
VikingsSiemian
37%
CardinalsGlennon
35%
49ersMullens
35%
ChiefsHenne
34%
SeahawksHundley
34%
RaidersMcCarron
32%
SteelersDobbs
29%
DolpinsOsweiler
29%
JagsBortles
24%
CowboysRush
23%
BillsBarkley
18%
BengalsDriskel
18%
TexansWebb III
15%
LionsCassel
13%
RamsMannion
13%
PanthersHeinicke
10%
BroncosHogan
2%
GiantsTanney
2%

Score Distribution

Percentile by Number Answered

Percent of People with Each Score

Your Score History

You have not taken this quiz